Statistiques concernant Culture Générale - Série 236

Cliquez ici pour prendre le quiz!

Statistiques générales

  • Ce quiz a été pris 203 fois
  • Le résultat moyen est 6 sur 10

Statistiques - réponses

QuestionRéponse% Correct
En forme de quelle figure géométrique sont placées les quilles de bowling ?En triangle
94%
Dans quelle mer le Rhône se jette-t-il ?La mer Méditerranée
94%
Dans quel pays l'euro a-t-il remplacé l'escudo en 2002 ?Le Portugal
92%
Dans quel département français la Camargue se situe-t-elle ?Bouches-du-Rhône
69%
Qu'est-ce qui est "trop cher" selon le titre du groupe Téléphone en 1980 ?L'argent
67%
De quel département la ville de Mont-de-Marsan est-elle le chef-lieu ?Les Landes
65%
A quelle village le curé est-il associé dans la nouvelle d'Alphonse Daudet ?Cucugnan
39%
Qui chante "Le Coup de folie" en 1981 ?Thierry Pastor
23%
Qui chante "Devil in Disguise" en 1963 ?Elvis Presley
12%
Dans quel jeu télévisé fallait-il maîtriser son rythme cardiaque ?Zone rouge
9%

Distribution des résultats

Percentile par nombre de réponses

% des personnes avec chaque résultat

Votre développement - résultats

Vous n’avez pas pris ce quiz